Marketing Cases from Emerging Markets

Despite the fact that experts acknowledge the importance of the emerging markets, there is a dearth of real case studies specially focussed on marketing issues. This case study book addresses that need. It is also important and timely in providing a framework for instructors and researchers (both ac...

Full description

Corporate Author: SpringerLink (Online service)
Other Authors: Mutum, Dilip. (Editor, http://id.loc.gov/vocabulary/relators/edt), Roy, Sanjit Kumar. (Editor, http://id.loc.gov/vocabulary/relators/edt), Kipnis, Eva. (Editor, http://id.loc.gov/vocabulary/relators/edt)
Language:English
Published: Berlin, Heidelberg : Springer Berlin Heidelberg : Imprint: Springer, 2014.
Edition:1st ed. 2014.
Subjects:
Online Access:https://doi.org/10.1007/978-3-642-36861-5
LEADER 03404nam a22005655i 4500
001 978-3-642-36861-5
003 DE-He213
005 20210618115235.0
007 cr nn 008mamaa
008 130902s2014 gw | s |||| 0|eng d
020 |a 9783642368615  |9 978-3-642-36861-5 
024 7 |a 10.1007/978-3-642-36861-5  |2 doi 
050 4 |a HF5410-5417.5 
072 7 |a KJS  |2 bicssc 
072 7 |a BUS043000  |2 bisacsh 
072 7 |a KJS  |2 thema 
072 7 |a KJSM  |2 thema 
082 0 4 |a 658.8  |2 23 
245 1 0 |a Marketing Cases from Emerging Markets  |h [electronic resource] /  |c edited by Dilip Mutum, Sanjit Kumar Roy, Eva Kipnis. 
250 |a 1st ed. 2014. 
264 1 |a Berlin, Heidelberg :  |b Springer Berlin Heidelberg :  |b Imprint: Springer,  |c 2014. 
300 |a IX, 167 p. 6 illus.  |b online resource. 
336 |a text  |b txt  |2 rdacontent 
337 |a computer  |b c  |2 rdamedia 
338 |a online resource  |b cr  |2 rdacarrier 
347 |a text file  |b PDF  |2 rda 
505 0 |a Introduction.- Socio-Cultural Influences -- Market Orientation and Brand Strategies -- Product Development and Market entry -- Marketing communications and Social Media Marketing -- Conclusion. 
520 |a Despite the fact that experts acknowledge the importance of the emerging markets, there is a dearth of real case studies specially focussed on marketing issues. This case study book addresses that need. It is also important and timely in providing a framework for instructors and researchers (both academic and industry) to understand the dynamics occurring in emerging markets. This book is composed of long and short real cases with varying complexity in different sectors including airlines, hotel, fashion, etc. These will cover issues which are unique to the emerging markets (including the BRIC countries) to understand the dynamics occurring in these countries. With its case studies, collection of questions, and real-life marketing examples, this book offers unique benefits to marketing students and educators across the world. A must-have for every marketing course module. 
650 0 |a Marketing. 
650 0 |a Globalization. 
650 0 |a Markets. 
650 0 |a Leadership. 
650 0 |a Market research. 
650 1 4 |a Marketing.  |0 https://scigraph.springernature.com/ontologies/product-market-codes/513000 
650 2 4 |a Emerging Markets/Globalization.  |0 https://scigraph.springernature.com/ontologies/product-market-codes/525010 
650 2 4 |a Business Strategy/Leadership.  |0 https://scigraph.springernature.com/ontologies/product-market-codes/515010 
650 2 4 |a Market Research/Competitive Intelligence.  |0 https://scigraph.springernature.com/ontologies/product-market-codes/513030 
700 1 |a Mutum, Dilip.  |e editor.  |4 edt  |4 http://id.loc.gov/vocabulary/relators/edt 
700 1 |a Roy, Sanjit Kumar.  |e editor.  |4 edt  |4 http://id.loc.gov/vocabulary/relators/edt 
700 1 |a Kipnis, Eva.  |e editor.  |4 edt  |4 http://id.loc.gov/vocabulary/relators/edt 
710 2 |a SpringerLink (Online service) 
773 0 |t Springer Nature eBook 
776 0 8 |i Printed edition:  |z 9783642368622 
776 0 8 |i Printed edition:  |z 9783642368608 
776 0 8 |i Printed edition:  |z 9783662511237 
856 4 0 |u https://doi.org/10.1007/978-3-642-36861-5 
912 |a ZDB-2-SBE 
912 |a ZDB-2-SXBM 
950 |a Business and Economics (SpringerNature-11643) 
950 |a Business and Management (R0) (SpringerNature-43719)